American Daytime Soap Operas - Statistics

General Stats
  • This quiz has been taken 118 times
  • The average score is 8 of 8
Answer Stats
Hint Answer % Correct
One Life to Live
100%
Days of our Lives
100%
All My Children
99%
General Hospital
99%
Guiding Light
99%
The Young and the Restless
98%
As the World Turns
94%
Another World
87%
No matching quizzes found
Score Distribution
Percent of People with Each Score
Percentile by Number Answered
Your Score History
You have not taken this quiz